The Ambulance : (Record no. 617854)

MARC details
000 -LEADER
fixed length control field 00485nam a2200193 a 4500
008 - FIXED-LENGTH DATA ELEMENTS--GENERAL INFORMATION
fixed length control field 260318s2009##################000#0#eng##
020 ## - INTERNATIONAL STANDARD BOOK NUMBER
ISBN 9780786438112
082 04 - DEWEY DECIMAL CLASSIFICATION NUMBER
Classification number 362.188BEL
100 1# - MAIN ENTRY--AUTHOR NAME
Personal name Bell, Ryan Corbett,
245 10 - TITLE STATEMENT
Title The Ambulance :
260 ## - PUBLICATION, DISTRIBUTION, ETC. (IMPRINT)
Name of publisher McFarland,
Year of publication 2009.
300 ## - PHYSICAL DESCRIPTION
Number of Pages 399 pages
650 #0 - SUBJECT ADDED ENTRY--TOPICAL TERM
Topical Term Transportation.
942 ## - ADDED ENTRY ELEMENTS (KOHA)
Koha item type English Books
Holdings
Withdrawn status Lost status Damaged status Not for loan Home library Current library Shelving location Date acquired Full call number Accession Number Price effective from Koha item type
        Anna Centenary Library Anna Centenary Library 4TH FLOOR, A WING 18.03.2026 362.188BEL 347124 18.03.2026 English Books

Find us on the map